Statistics for Reversed Country Names

Click here to take the quiz!

General Stats

  • This quiz has been taken 100 times
  • The average score is 11 of 16

Answer Stats

Hint Answer % Correct
nineBBenin
92%
aisyalaMMalaysia
92%
ecnarFFrance
92%
elihCChile
92%
lizarBBrazil
91%
avodloMMoldova
90%
anawstoBBotswana
82%
ytiC nacitaVVatican City
74%
amanaPPanama
74%
soaLLaos
62%
ohtoseLLesotho
61%
ocixeMMexico
57%
adnawRRwanda
52%
senippilihPPhilippines
43%
natszygryKKyrgyzstan
34%
anivogezreH dna ainsoBBosnia and Herzegovina
27%

Score Distribution

Percentile by Number Answered

Percent of People with Each Score

Your Score History

You have not taken this quiz